| 000 | 00477nam a2200145Ia 4500 | ||
|---|---|---|---|
| 008 | 191108s9999 xx 000 0 und d | ||
| 020 | _a978-0-393-33780-8 | ||
| 100 | _aKrugman, Paul | ||
| 245 |
_cPaul Krugman.-- _aThe return of depression on economics: _bAnd the crisis of 2008 / |
||
| 260 |
_aNew York: _bW.W. Norton & Company Ltd. _c2009 |
||
| 300 | _a207 pages : | ||
| 500 | _aIncludes index. | ||
| 650 | _aDepression--1929 | ||
| 650 | _aRecession--History--21st Century | ||
| 999 |
_c362524 _d362524 |
||